<?xml version="1.0" encoding="UTF-8"?>
<record
    xmlns:xsi="http://www.w3.org/2001/XMLSchema-instance"
    xsi:schemaLocation="http://www.loc.gov/MARC21/slim http://www.loc.gov/standards/marcxml/schema/MARC21slim.xsd"
    xmlns="http://www.loc.gov/MARC21/slim">

  <leader>03125nam a2200541Ia 4500</leader>
  <controlfield tag="001">1999</controlfield>
  <controlfield tag="008">241029s9999    xx            000 0 und d</controlfield>
  <datafield tag="010" ind1=" " ind2=" ">
    <subfield code="a">1875</subfield>
  </datafield>
  <datafield tag="041" ind1=" " ind2=" ">
    <subfield code="a">Espa&#xF1;ol</subfield>
  </datafield>
  <datafield tag="082" ind1=" " ind2=" ">
    <subfield code="a">ST, MA-LAEE, 0005, FH, 2010</subfield>
  </datafield>
  <datafield tag="245" ind1=" " ind2="0">
    <subfield code="a">Falta de asunci&#xF3;n, aprehensi&#xF3;n y aplicabilidad de una visi&#xF3;n integral de la lengua en la ense&#xF1;aza aprendizaje. Caso maestros de Lengua Espa&#xF1;ola, Regionales Educativas 10, 15 y 17, Rep&#xFA;blica Dominicana</subfield>
  </datafield>
  <datafield tag="260" ind1=" " ind2=" ">
    <subfield code="a">Santo Domingo</subfield>
  </datafield>
  <datafield tag="300" ind1=" " ind2=" ">
    <subfield code="a">127</subfield>
  </datafield>
  <datafield tag="520" ind1=" " ind2=" ">
    <subfield code="a">1</subfield>
  </datafield>
  <datafield tag="630" ind1=" " ind2=" ">
    <subfield code="a">Aprendizaje</subfield>
  </datafield>
  <datafield tag="630" ind1=" " ind2=" ">
    <subfield code="a">Lenguaje y Lenguas-Ense&#xF1;anza</subfield>
  </datafield>
  <datafield tag="650" ind1=" " ind2=" ">
    <subfield code="a">Competencia Ling&#xFC;&#xED;stica</subfield>
  </datafield>
  <datafield tag="690" ind1=" " ind2=" ">
    <subfield code="a">Elaborado</subfield>
  </datafield>
  <datafield tag="700" ind1=" " ind2=" ">
    <subfield code="e">asesor</subfield>
    <subfield code="a">Benavides G., Celso Joaqu&#xED;n </subfield>
  </datafield>
  <datafield tag="700" ind1=" " ind2=" ">
    <subfield code="e">autor</subfield>
    <subfield code="a">Albert Batista, Antonia </subfield>
  </datafield>
  <datafield tag="700" ind1=" " ind2=" ">
    <subfield code="e">autor</subfield>
    <subfield code="a">Echavarr&#xED;a Lantigua,, Clara Luz </subfield>
  </datafield>
  <datafield tag="901" ind1=" " ind2=" ">
    <subfield code="a">{"1":"Albert Batista","2":"Echavarr&#xED;a Lantigua,"}</subfield>
    <subfield code="b">{"1":"Antonia ","2":"Clara Luz "}</subfield>
  </datafield>
  <datafield tag="902" ind1=" " ind2=" ">
    <subfield code="a">1</subfield>
  </datafield>
  <datafield tag="903" ind1=" " ind2=" ">
    <subfield code="a">{"1":"Benavides G."}</subfield>
    <subfield code="b">{"1":"Celso Joaqu&#xED;n "}</subfield>
  </datafield>
  <datafield tag="904" ind1=" " ind2=" ">
    <subfield code="a">Maestr&#xED;a en</subfield>
  </datafield>
  <datafield tag="905" ind1=" " ind2=" ">
    <subfield code="a">Ling&#xFC;&#xED;stica Aplicada</subfield>
  </datafield>
  <datafield tag="906" ind1=" " ind2=" ">
    <subfield code="a">1</subfield>
  </datafield>
  <datafield tag="907" ind1=" " ind2=" ">
    <subfield code="a">con Aplicaci&#xF3;n a</subfield>
  </datafield>
  <datafield tag="908" ind1=" " ind2=" ">
    <subfield code="a">Ense&#xF1;anza de la Lengua Espa&#xF1;ola</subfield>
  </datafield>
  <datafield tag="909" ind1=" " ind2=" ">
    <subfield code="a">Universidad Aut&#xF3;noma de Santo Domingo (UASD)</subfield>
  </datafield>
  <datafield tag="910" ind1=" " ind2=" ">
    <subfield code="a">NULL</subfield>
    <subfield code="b">NULL</subfield>
  </datafield>
  <datafield tag="911" ind1=" " ind2=" ">
    <subfield code="a">["1"]</subfield>
  </datafield>
  <datafield tag="912" ind1=" " ind2=" ">
    <subfield code="a">NO APLICA</subfield>
  </datafield>
  <datafield tag="913" ind1=" " ind2=" ">
    <subfield code="a">NULL</subfield>
  </datafield>
  <datafield tag="914" ind1=" " ind2=" ">
    <subfield code="a">06 de Mayo de 2010</subfield>
  </datafield>
  <datafield tag="915" ind1=" " ind2=" ">
    <subfield code="a">18/07/15 01:07</subfield>
  </datafield>
  <datafield tag="916" ind1=" " ind2=" ">
    <subfield code="a">NULL</subfield>
  </datafield>
  <datafield tag="917" ind1=" " ind2=" ">
    <subfield code="a">NULL</subfield>
  </datafield>
  <datafield tag="918" ind1=" " ind2=" ">
    <subfield code="a">Educaci&#xF3;n especial</subfield>
  </datafield>
  <datafield tag="919" ind1=" " ind2=" ">
    <subfield code="a">["18","130"]</subfield>
  </datafield>
  <datafield tag="520" ind1=" " ind2=" ">
    <subfield code="a">La investigaci&#xF3;n se bas&#xF3; en identificar las principales dificultades que presentan, sobre la visi&#xF3;n integral de la ling&#xFC;&#xED;stica, los t&#xE9;cnicos y maestros de la Regional 10 y una muestra de los estudiantes de las universidades UASD, UCSD y UTESA y realizar una propuesta did&#xE1;ctica a partir de los resultados, para fortalecer las debilidades encontradas.Para su realizaci&#xF3;n se emplearon las metodolog&#xED;as exploratorias, explicativas y de campo. El universo objeto estuvo conformado por 582 maestros y la muestra por 491.Dentro de las conclusiones presentadas por la investigaci&#xF3;n se destacan, que la deficiencia radica en el poco dominio que tienen los maestros de Lengua Espa&#xF1;ola sobre los grandes temas de la Ling&#xFC;&#xED;stica, vista desde una visi&#xF3;n integral, y que, de establecerse una articulaci&#xF3;n sist&#xE9;mica en el funcionamiento de una buena gesti&#xF3;n curricular entre los niveles primario, secundario y superior, podr&#xED;an desaparecer los vac&#xED;os que se notan a trav&#xE9;s del paso entre cada uno de estos niveles.Entre las recomendaciones expuestas figuran: propiciar un espacio de reflexi&#xF3;n y aprehensi&#xF3;n para que los maestros asuman el curr&#xED;culo de Lengua Espa&#xF1;ola, concretizar el uso de las estrategias propuestas para trabajar la normativa planteada en el curr&#xED;culo, desarrollar una capacitaci&#xF3;n sistem&#xE1;tica para maestros de Lengua Espa&#xF1;ola, donde se pongan en pr&#xE1;ctica estrategias que promuevan la aprehensi&#xF3;n, asunci&#xF3;n y aplicaci&#xF3;n de los grandes temas de la Ling&#xFC;&#xED;stica.</subfield>
  </datafield>
  <datafield tag="921" ind1=" " ind2=" ">
    <subfield code="a">16</subfield>
  </datafield>
  <datafield tag="922" ind1=" " ind2=" ">
    <subfield code="a">16</subfield>
  </datafield>
  <datafield tag="923" ind1=" " ind2=" ">
    <subfield code="a">0</subfield>
  </datafield>
  <datafield tag="924" ind1=" " ind2=" ">
    <subfield code="a">NO APLICA</subfield>
  </datafield>
  <datafield tag="942" ind1=" " ind2=" ">
    <subfield code="c">Tesis</subfield>
  </datafield>
  <datafield tag="999" ind1=" " ind2=" ">
    <subfield code="c">1875</subfield>
    <subfield code="d">1875</subfield>
  </datafield>
</record>
